|
|
|
|
| LEADER |
00000nam0a2200000 4500 |
| 001 |
262788 |
| 005 |
20231101233702.0 |
| 010 |
|
|
|a 5020118508
|
| 020 |
|
|
|a RU
|b 88-64963
|
| 035 |
|
|
|a (RuTPU)RU\TPU\book\285771
|
| 090 |
|
|
|a 262788
|
| 100 |
|
|
|a 20140603d1988 k y0rusy5003 ca
|
| 101 |
0 |
|
|a rus
|
| 102 |
|
|
|a RU
|
| 105 |
|
|
|a y z 000zy
|
| 200 |
1 |
|
|a Начальный этап формирования инвестиционного комплекса СССР
|e очерки истории
|f Н. В. Миляков
|g Академия наук СССР (АН СССР), Институт экономики (ИЭ) ; под ред. Ю. Ф. Воробьева
|
| 210 |
|
|
|a Москва
|c Наука
|d 1988
|
| 215 |
|
|
|a 158,[2] с.
|
| 606 |
1 |
|
|a Капитальные вложения
|x Экономическая эффективность
|2 stltpush
|3 (RuTPU)RU\TPU\subj\13802
|9 40364
|
| 610 |
1 |
|
|a СССР
|
| 610 |
1 |
|
|a история
|
| 610 |
1 |
|
|a капитальное строительство
|
| 610 |
1 |
|
|a инвестиции
|
| 610 |
1 |
|
|a инвестиционная деятельность
|
| 610 |
1 |
|
|a инвестиционно-строительные проекты
|
| 610 |
1 |
|
|a инвестиционное планирование
|
| 610 |
1 |
|
|a материально-техническая база
|
| 610 |
1 |
|
|a труд
|
| 610 |
1 |
|
|a кадры
|
| 610 |
1 |
|
|a строительная промышленность
|
| 610 |
1 |
|
|a строительные организации
|
| 610 |
1 |
|
|a 20 век
|
| 675 |
|
|
|a 69:658.152(09)
|z rus
|v 3
|
| 700 |
|
1 |
|a Миляков
|b Н. В.
|g Николай Викторович
|4 070
|
| 702 |
|
1 |
|a Воробьев
|b Ю. Ф.
|4 340
|
| 712 |
0 |
2 |
|a Академия наук СССР (АН СССР)
|b Институт экономики (ИЭ)
|c (Москва)
|2 stltpush
|3 (RuTPU)RU\TPU\col\11342
|
| 801 |
|
0 |
|a RU
|b RuMRKP
|c 19950417
|g psbo
|
| 801 |
|
1 |
|a RU
|b 63413507
|c 20140603
|
| 801 |
|
2 |
|a RU
|b 63413507
|c 20150213
|g RCR
|
| 942 |
|
|
|c BK
|